000 01065cam a2200313 a 4500
999 _c1837
_d1837
001 1837
003 BD-JhCC
005 20220606134024.0
008 891024s1990 nyu b 001 0ceng
020 _a0816020981 (alk. paper) :
_c$23.95
035 _a(BD-JhCC)1837
040 _aDLC
_cDLC
_dDLC
041 _aeng
050 0 0 _aPN3448.S66
_bM3 1990
082 0 0 _a809.3/872
_aB
_220
_bMCC 1990
100 1 _aMcCormick, Donald,
_d1911-
245 1 0 _aSpy fiction :
_ba connoisseur's guide /
_cDonald McCormick & Katy Fletcher.
260 _aNew York :
_bFacts on File,
_cc1990.
300 _a346 p. ;
_c24 cm.
500 _aExpanded version of the author's Who's who in spy fiction.
504 _aIncludes bibliographical references (p. 334-337) and index.
650 0 _aSpy stories
_xBio-bibliography.
650 0 _aEspionage in literature
_xBibliography.
650 0 _aSpies in literature
_xBibliography.
700 1 _aFletcher, Katy,
_d1958-
700 1 _aMcCormick, Donald,
_d1911-
_tWho's who in spy fiction.
740 0 _aSpy fiction.
942 _2ddc
_cBK
_01